000 01187nam a2200241Ia 4500
008 130821s2007 xxua gr eng
020 _a9780878930630
040 _aCo-BoUCM
_bspa
041 0 0 _aeng
060 0 0 _aBF 318
100 1 _aBouton, Mark E.
_9165805
245 1 0 _aLearning and behavior a contemporary synthesis
_cMark E. Bouton
260 _aSunderland (Massachusetts, Estados Unidos)
_bSinauer Associates, Publishers
_c2007
300 _axiii, 482 páginas
_bilustraciones
504 _aIncluye bibliografía.
505 _aLearning theory : what it is and how it got this way -- Learning and adaptation -- The nuts and bolts of conditioning -- Theories of conditioning -- What ever happened to behavior, anyway? -- Are the laws of conditioning general? -- Behavior and its consequences -- How stimuli guide instrumental action -- The motivation of instrumental action -- A synthetic perspective on instrumental action.
650 0 4 _aAprendizaje
_99256
650 0 4 _aCognición
_911099
650 0 4 _aPsicología del aprendizaje
_922817
650 0 4 _aPsicología
_98001
650 0 4 _aRespuesta condicionada
_923696
942 _cLIBRO
_a9
_e1
_mB781L
_2NLM
_hBF 318
_n0
999 _c63498
_d63498